Najdłuższe ulice w Warszawie - Statystyki

Ogólne statystyki
  • Ten quiz został rozwiązany 182 razy
  • Średni wynik to 25 z 100
Statystyki odpowiedzi
Nr Długość Dzielnica Nazwa % Poprawnych
3 11,9 km Śródmieście/Ochota/Włochy/Ursus Aleje Jerozolimskie
86%
2 12,2 km Mokotów/Ursynów Puławska
83%
1 14,5 km Wawer/Praga Płd. Wał Miedzeszyński
74%
54 3,4 km Śródmieście Marszałkowska
71%
6 9,4 km Białołęka Modlińska
50%
= 5,9 km Bemowo Powstańców Śląskich
49%
= 4,9 km Śródmieście/Mokotów Aleja Niepodległości
47%
13 5,9 km Mokotów/Wilanów Aleja Wilanowska
47%
25 5,2 km Praga Płd Grochowska
47%
= 3,5 km Ochota Grójecka
47%
31 4,5 km Włochy Aleja Krakowska
46%
12 6,5 km Wola/Śródmieście/Praga Płn/Targówek Aleja "Solidarności"
46%
= 5,5 km Bemowo/Wola Górczewska
46%
20 5,5 km Praga Płn/Targówek Radzymińska
46%
= 3,8 km Wola Wolska
45%
23 5,4 km Praga Płn Jagiellońska
44%
= 4,2 km Wola/Śródmieście/Żoliborz Aleja Jana Pawła II
43%
= 4,1 km Śródmieście/Mokotów Czerniakowska
43%
= 4,2 km Mokotów Sobieskiego
43%
8 7,5 km Praga Płn/Targówek/Białołęka Toruńska
41%
4 9,7 km Wawer Trakt Lubelski
41%
16 5,8 km Ochota/Włochy Żwirki i Wigury
41%
= 5,5 km Ursynów Aleja Komisji Edukacji Narodowej
39%
= 6,8 km Wawer Patriotów
39%
42 3,9 km Bemowo/Wola Połczyńska
38%
= 2,6 km Mokotów Wołoska
37%
95 2,3 km Wola Kasprzaka
35%
= 3,3 km Bielany Marymoncka
34%
= 4,3 km Praga Płd Ostrobramska
34%
9 7,2 km Bielany/Śródmieście/Żoliborz Wybrzeże Gdyńskie
34%
74 2,7 km Wesoła Jana Pawła II
33%
34 4,2 km Śródmieście Aleja Armii Ludowej
31%
= 3,3 km Bemowo Lazurowa
31%
= 2,4 km Mokotów/Ursynów Dolina Służewiecka
30%
30 4,8 km Wola/Ochota Aleja Prymasa Tysiąclecia
28%
7 7,8 km Białołęka Płochocińska
28%
40 4 km Ochota/Mokotów Racławicka
28%
32 4,3 km Ursynów/Mokotów Nowoursynowska
27%
= 2,5 km Bielany/Wola/Żoliborz Powązkowska
27%
70 2,9 km Targówek Kondratowicza
26%
= 2,5 km Włochy Łopuszańska
26%
= 3,2 km Praga Płd/Rembertów Marsa
26%
45 3,7 km Białołęka/Targówek Marywilska
26%
= 5,9 km Wilanów Przyczółkowa
26%
= 2,9 km Wesoła Trakt Brzeski
26%
= 3,4 km Ursynów Rosoła
25%
5 9,5 km Mokotów/Wilanów Wał Zawadowski
25%
= 3,5 km Żoliborz Aleja Armii Krajowej
24%
= 2,3 km Praga Płd Aleja Waszyngtona
24%
60 3,2 km Bielany/Żoliborz Broniewskiego
24%
= 4,2 km Białołęka Światowida
24%
38 4,1 km Wawer Czecha
23%
= 3,2 km Białołęka/Targówek Głebocka
23%
= 3,2 km Mokotów Woronicza
23%
= 2,7 km Bielany Kasprowicza
22%
= 5,6 km Targówek/Białołęka Ostródzka
21%
87 2,4 km Praga Płd Bora-Komorowskiego
19%
= 2,5 km Mokotów Domaniewska
19%
= 2,3 km Wola Obozowa
18%
= 2,4 km Ursynów Pileckiego
18%
= 2,4 km Ursynów/Włochy Poleczki
18%
28 4,9 km Bielany Wólczyńska
18%
= 2,3 km Ochota/Śródmieście Koszykowa
17%
43 3,8 km Bemowo Radiowa
16%
27 5 km Bemowo/Wola/Żoliborz Aleja Obrońców Grodna
15%
10 6,8 km Białołęka Białołęcka
15%
= 3,1 km Targówek Malborska
14%
17 5,6 km Białołęka Mehoffera
13%
= 3,2 km Ursynów Płaskowickiej
13%
= 5,6 km Wilanów Syta
13%
50 3,5 km Wesoła 1 Praskiego Pułku
12%
65 3,1 km Mokotów Aleja Becka
12%
= 2,3 km Bemowo Człuchowska
12%
83 2,5 km Włochy Komitetu Obrony Robotników
12%
= 3,6 km Targówek Świętego Wincentego
12%
= 3,7 km Białołęka Myśliborska
11%
= 3,5 km Targówek Zabraniecka
11%
= 3,3 km Ursynów Karczunkowska
10%
= 3,7 km Białołęka Olesin
10%
= 3,1 km Włochy Wirażowa
10%
= 2,3 km Bemowo/Włochy/Ursus Aleja 4 Czerwca 1989 roku
9%
= 5,2 km Włochy/Ursynów Aleja Legionów Piłsudskiego
9%
= 2,6 km Białołęka Kobiałka
9%
= 2,4 km Praga Płd Nowaka-Jeziorańskiego
9%
= 2,4 km Wesoła Prusa
8%
78 2,6 km Wesoła Gościniec
7%
= 2,7 km Bielany/Żoliborz Gwiaździsta
7%
= 5,4 km Wilanów Bruzdowa
6%
= 2,4 km Ochota Włodarzewska
6%
48 3,6 km Wawer Mrówcza
5%
73 2,8 km Wawer Skalnicowa
5%
= 4 km Białołęka Zdziarska
5%
= 3 km Białołęka Berensona
4%
56 3,3 km Wawer Izbicka
4%
= 2,6 km Włochy Świerszcza
4%
= 2,6 km Bemowo Szeligowska
4%
68 3 km Ursynów Baletowa
3%
= 2,9 km Ursynów Moczydłowska
3%
= 2,7 km Wawer Przełęczy
3%
= 2,4 km Ursynów Rybałtów
3%
Nie znaleziono quizów pasujących do podanych kryteriów
Rozkład punktacji
Procent ludzi z każdym wynikiem
Percentyl według liczby udzielonych odpowiedzi
Twoja historia wyników
Nie rozwiązałeś tego quizu